Pacers Player to Nickname - Statistics

General Stats
  • This quiz has been taken 41 times
  • The average score is 5 of 12
Answer Stats
Hint Answer % Correct
Tyrese Haliburton Hali
100%
Pascal Siakam Spicy P
80%
Thomas Bryant TB
70%
James Wiseman J-Wise
65%
Ben Sheppard Shep
60%
T.J. McConnell Scrappy
50%
Andrew Nembhard NBD
45%
Aaron Nesmith Crash
20%
Myles Turner Samurai _____
15%
Jarace Walker The Manchild
15%
Bennedict Mathurin The North Star
10%
Obi Toppin The Next Generation
0%
No matching quizzes found
Score Distribution
Percent of People with Each Score
Percentile by Number Answered
Your Score History
You have not taken this quiz